| 000 | 00844cam a2200265 i 4500 | ||
|---|---|---|---|
| 001 | 62544 | ||
| 003 | Mx-PuUPA | ||
| 005 | 20241007102620.0 | ||
| 008 | 150512s1975 mx gr 000 0 spa d | ||
| 040 |
_aMx-PuUPA _bspa _cMx-PuUPA _dMx-PuUPA _erda |
||
| 041 | 0 | _aspa | |
| 100 | 1 |
_aPiault, Bernard _eautor _9449 |
|
| 245 | 1 | 3 |
_aLa Virgen de Guadalupe en México / _cBernardo Piault. |
| 250 |
_aPrimera edición / _bmarzo |
||
| 264 | 1 |
_aMéxico, D. F. : _bEditorila Jus, _c1975 |
|
| 300 |
_a100 paginas ; _c19 cm |
||
| 336 |
_atexto _2rdacontent _btxt |
||
| 337 |
_asin medio _2rdamedia _bn |
||
| 338 |
_avolumen _2rdacarrier _bnc |
||
| 600 | 0 | 4 |
_aVirgen de Guadalupe _xApariciones y milagros |
| 600 | 0 | 4 |
_aVirgen María _zMéxico _xHistoria |
| 942 |
_2ddc _cLI _h232.917 _iP57 |
||
| 999 |
_c62544 _d62544 |
||